Central Library OPAC University of Rajshahi

The struggle for the Constitution, 1603-1689 : (Record no. 3940)

MARC details
000 -LEADER
fixed length control field 01078cam a2200289 4500
001 - CONTROL NUMBER
control field 3940
003 - CONTROL NUMBER IDENTIFIER
rucl marc code BD-RjUL
005 - DATE AND TIME OF LATEST TRANSACTION
control field 20211208233815.0
008 - FIXED-LENGTH DATA ELEMENTS--GENERAL INFORMATION
fixed length control field 131221s1978 ii abc b 001 0 eng
035 ## - SYSTEM CONTROL NUMBER
System control number (BD-RjUL)3974
040 ## - CATALOGING SOURCE
Original cataloging agency DLC
Transcribing agency DLC
Modifying agency BD-RjUL
Language of cataloging eng
041 ## - LANGUAGE CODE
Language code of text/sound track or separate title eng
082 00 - DEWEY DECIMAL CLASSIFICATION NUMBER
Classification number 942.06
Edition number 19
Author mark and year AYS 1978
100 1# - MAIN ENTRY--PERSONAL NAME
Personal name Aylmer, G. E.
9 (RLIN) 12554
245 14 - TITLE STATEMENT
Title The struggle for the Constitution, 1603-1689 :
Remainder of title England in the seventeenth century /
Statement of responsibility, etc. [by] G. E. Aylmer.
260 ## - PUBLICATION, DISTRIBUTION, ETC. (IMPRINT)
Place of publication, distribution, etc. Delhi,
Name of publisher, distributor, etc. Surjeet,
Date of publication, distribution, etc. 1978
300 ## - PHYSICAL DESCRIPTION
Pagination viii, 263 p. :
Illustrations illus., maps, ports. ;
Size 23 cm.
350 ## - PRICE (NR) (BK AM CF MU VM SE) [OBSOLETE]
Price 3.00
490 0# - SERIES STATEMENT
Series statement Blandford history series. The history of England
500 ## - GENERAL NOTE
General note First published in 1963 under titles: A short history of seventeenth-century England (New York ed.) and The struggle for the constitution, 1603-1689 (London ed.)
504 ## - BIBLIOGRAPHY, ETC. NOTE
Bibliography, etc Bibliography: p. [247]-251.
651 #0 - SUBJECT ADDED ENTRY--GEOGRAPHIC NAME
Geographic name Great Britain
General subdivision History
Chronological subdivision Stuarts, 1603-1714.
9 (RLIN) 12555
Geographic name England
General subdivision Civilization
Chronological subdivision 17th century.
9 (RLIN) 12556
942 ## - ADDED ENTRY ELEMENTS (KOHA)
Source of classification or shelving scheme Dewey Decimal Classification
Koha item type Books
Holdings
Lost status Source of classification or shelving scheme Damaged status Not for loan Collection code Permanent Location Current Location Shelving location Date acquired Source of acquisition Cost, normal purchase price Total Checkouts Full call number Date last seen Copy number Koha item type
  Dewey Decimal Classification   Not For Loan Non-fiction Central Library, University of Rajshahi Central Library, University of Rajshahi Reading Room 23/04/1989 Karim Int. 50.00   942.06 AYS 1978 21/12/2013 C-1 Books
  Dewey Decimal Classification     Non-fiction Central Library, University of Rajshahi Central Library, University of Rajshahi   20/06/1999 Ankur prakashani 93.00   942.06 AYS 1978 23/03/2014 C-2 Books
  Dewey Decimal Classification     Non-fiction Central Library, University of Rajshahi Central Library, University of Rajshahi   20/06/1999 Ankur Prokashoni 93.00   942.06 AYS 1978 24/03/2014 C-3 Books